SCHOOL-BASED family counselling an interdisciplinary practioner's guide

Saved in:
Bibliographic Details
Format: Book
Language:English
Published: Routledge 2020
Tags: Add Tag
No Tags, Be the first to tag this record!

MARC

LEADER 00000nam a22000007a 4500
008 230728b |||||||| |||| 00| 0 eng d
020 |a 9781138492679 
245 |a SCHOOL-BASED family counselling  |b an interdisciplinary practioner's guide  |c edited by Brian A. Gerrard and Deborah Ribera  |g xii, 394p; ill 
260 |b Routledge  |c 2020  |h New York  |i 700105  |i 700106  |l RCC489.Sch1  |m Family- Therapy- methods  |m School Health Services  |m Counselling- methods  |m Family Relations  |m Schools 
500 |a it includes bibliographical references and index 
942 |a lcc  |c BK  |e Johnson  |f 28/07/23 
952 |0 0  |1 0  |2 lcc  |4 0  |6 RCC0489 S C H1  |7 0  |9 4320  |a HE  |b HOL  |c QZ  |d 2023-07-28  |l 0  |o RCC489.Sch1  |p 2023-0246  |r 2023-07-28 00:00:00  |t 700105  |w 2023-07-28  |y BK 
952 |0 0  |1 0  |2 lcc  |4 0  |6 RCC0489 S C H1  |7 0  |9 4321  |a HOL  |b HOL  |c QZ  |d 2023-07-28  |l 0  |o RCC489.Sch1  |p 2023-0247  |r 2023-07-28 00:00:00  |t 700106  |w 2023-07-28  |y BK 
999 |c 2170  |d 2170